Taylor Swift song - one word at the time #3 - Statistics

General Stats
  • This quiz has been taken 39 times
  • The average score is 247 of 316
Answer Stats
Answer % Correct
I
100%
I
100%
the
100%
love
97%
you
97%
You
97%
a
93%
and
90%
And
90%
be
90%
me
90%
it
86%
my
86%
for
83%
do
83%
evermore
83%
for
83%
I'm
83%
in
83%
so
83%
tell
83%
Tell
83%
your
83%
But
79%
but
79%
don't
79%
head
79%
If
79%
if
79%
it's
79%
like
79%
should
79%
tolerate
79%
us
79%
what
79%
with
79%
all
76%
by
76%
just
76%
kid
76%
know
76%
now
76%
Now
76%
sit
76%
wait
76%
watch
76%
where
76%
wrong
76%
You're
76%
celebrated
72%
door
72%
everything
72%
fancy
72%
got
72%
shit
72%
somehow
72%
table
72%
they
72%
time
72%
best
69%
closed
69%
colors
69%
eyes
69%
I've
69%
Lay
69%
life
69%
low
69%
made
69%
much
69%
notice
69%
of
69%
older
69%
or
69%
portrait
69%
readin
69%
too
69%
Use
69%
was
69%
wiser
69%
breathin
66%
could
66%
good
66%
mural
66%
out
66%
sky
66%
story
66%
temple
66%
that
66%
this
66%
tolerate it
66%
were
66%
would
66%
begging
62%
Believe
62%
footnotes
62%
fun
62%
leave
62%
lose
62%
man
62%
other
62%
over
62%
removed
62%
ruins
62%
then
62%
Took
62%
up
62%
weight
62%
Always
59%
Break
59%
buildin
59%
dagger
59%
free
59%
Gain
59%
gleam
59%
glisten
59%
listen
59%
plates
59%
polish
59%
space
59%
takin
59%
until
59%
While
59%
worlds
59%
barbed
55%
blankets
55%
byline
55%
hearts
55%
take
55%
Where's
55%
wire
55%
assume
52%
Drawin
52%
fine
52%
greet
52%
throw
52%
wake
52%
battle
48%
hero's
48%
indiscretions
48%
welcome
48%
who'd
48%
No matching quizzes found
Score Distribution
Percent of People with Each Score
Percentile by Number Answered
Your Score History
You have not taken this quiz